00233nam a2200097Ia 4500008004100000100002200041245001900063260003200082300000800114650001300122190216s9999||||xx |||||||||||||| ||und|| aNamboodiri.A.P.P. 0aAbhi Veeshanam bPoorna Pubs Kozhikodec1980 a144 aLekhanam